000 01213nam a22003137a 4500
001 5223
003 FISKH
005 20241120105328.0
008 241120b cb ||||| |||| 00| 0 eng d
020 _a9780439944540
040 _aFISKH
_beng
_cFISKH
_dFISKH
050 _aGC21.G355
082 _a551.46
100 _aGaneri, Anita
245 _aOdious Oceans /
_cby Anita Ganeri : illustrated by Mike Phillips
260 _aNew York :
_bScholastic ;
_c1999 .
300 _a160 pages :
_billustrations ;
_c21 cm .
490 _aHorrible Geography
505 _aS
520 _aHorrible Geography takes you under the sea with Odious Oceans. Discover where in the world you can tuck into a poisonous pufferfish, spot some perilous pirates and explore the savage seabed! Filled with hilarious illustrations by Mike Phillips, Horrible Geography is the perfect escapism from miserable maps, rotten rock piles and dire diagrams. Hold tight!
521 8 _a790
_bLexile
521 8 _aS
_bRaz-Plus
650 _ahumor
_vnon-fiction
650 _ageography
_vnon-fiction
650 _ascience
_vnon-fiction
700 _aPhillips, Mike
_eillustrator
942 _2ddc
_cBK
_n0
999 _c5223
_d5223